High School Musical Gotta Go My Own Way Lyrics - Statistics

General Stats
  • This quiz has been taken 127 times
  • The average score is 271 of 331
Answer Stats
Answer % Correct
I
99%
(I
99%
go
97%
go?)
97%
got
97%
my
96%
My
96%
gotta
94%
own
94%
What
94%
what
94%
(What
94%
you
94%
You
94%
about
92%
be
92%
me
92%
us
92%
us)
92%
way
92%
we
91%
We
91%
to
90%
and
87%
And
87%
do
87%
every
86%
on
86%
through
86%
been
85%
now
85%
so
85%
So
85%
am
83%
But
83%
but
83%
for
83%
the
83%
who
83%
in
82%
mind
82%
move
82%
trust
82%
at
81%
everything
81%
say
81%
this
81%
what's
81%
belong
79%
don't
79%
Don't
79%
here
79%
just
79%
okay
79%
understand
79%
understand)
79%
we've
79%
doesn't
78%
find
78%
hope
78%
I've
78%
least
78%
miss
78%
right
78%
want
78%
world
78%
(World
78%
best
77%
hurt
77%
know
77%
might
77%
somethin'
77%
days
76%
get
76%
never
76%
someday
76%
someday)
76%
these
76%
leave
74%
place
74%
seem
74%
Troy
74%
wanted
74%
I'll
73%
You'll
73%
it
72%
try
72%
gettin'
71%
supposed
71%
have
69%
our
69%
I'm
68%
(I'm
68%
Life
68%
keeps
67%
hard
63%
all
59%
always
59%
It's
59%
it's
59%
(Why
59%
plan
56%
stay)
56%
tryin'
56%
wanna
56%
behind
55%
Listen
55%
time
55%
today
55%
leaving
54%
Whenever
54%
Oh
53%
is
51%
rearranged
51%
somehow
51%
up
50%
away
49%
'Cause
47%
fade
47%
fall
47%
hopes
47%
too
47%
watch
47%
slowly
46%
them
46%
gray
42%
turns
40%
color
36%
Another
35%
No matching quizzes found
Score Distribution
Percent of People with Each Score
Percentile by Number Answered
Your Score History
You have not taken this quiz